| 000 | 00689nam a22002297a 4500 | ||
|---|---|---|---|
| 003 | OSt | ||
| 005 | 20251125112232.0 | ||
| 008 | 251125b |||||||| |||| 00| 0 eng d | ||
| 020 | _a 978-621-8035-95-9 | ||
| 040 |
_aDWC-Main lib _cOC |
||
| 082 | _aFil. 126 U55 2020 | ||
| 100 | _aCorpuz, Brenda B. | ||
| 245 |
_aUnderstanding the self/ _cBrenda B. Corpuz |
||
| 260 |
_aQuezon City, _b Lorimar Publishing inc., _cc2020. |
||
| 300 |
_avi , 185 pages _b:illustrations ; _c26cm. |
||
| 650 | _a1. identity | ||
| 700 | _aMaria Rita D. Lucas | ||
| 700 | _aCelia D. Andes | ||
| 700 | _aFilomena T. Dayagbil | ||
| 700 | _aEva Maria P. Gacasan | ||
| 942 |
_2ddc _cBK - FIL _kFil. _n0 |
||
| 999 |
_c6237 _d6237 |
||